Hadits Nabi sebelum dibukukan

Bibliographic Details
Main Author: Al-Khathib, Muhammad Ajaj
Other Authors: AH. Akrom Fahmi
Format: Book
Published: Kuala Lumpur : Darul Fikir , 2003
Subjects:

MARC

LEADER 00000cam a2200000 7i4500
001 0000013437
005 20080114.0
008 080114
020 |a 9795615645 
090 0 0 |a 297.124   |b KHA 
100 0 |a Al-Khathib, Muhammad Ajaj 
245 1 0 |a Hadits Nabi sebelum dibukukan   |c Dr.M.Ajaj Al-Khathib; penerjemah, AH. Akrom Fahmi 
260 |a Kuala Lumpur :   |b Darul Fikir ,   |c 2003 
650 0 |a Hadith 
650 0 |a Muhammad,Prophet   |x Hadith 
700 0 |a AH. Akrom Fahmi 
999 |a 0001006743   |b Book   |c Adult Collection   |e Perbadanan Perpustakaan Awam Johor 
999 |a 0001006744   |b Book   |c Adult Collection   |e Perbadanan Perpustakaan Awam Johor 
999 |a 0001006745   |b Book   |c Adult Collection   |e Perbadanan Perpustakaan Awam Johor